000 00590nam a2200193 a 4500
001 BRCA_682
005 20190320203114.0
008 290508s1979----us-a---###---#000-0#eng-#
020 _a0517266733
050 4 _aND813.G6
_b.D42 1979
100 1 _aDescargues, Pierre
_92245
245 1 0 _aGoya
_cPierre Descargues.
260 _aNueva York
_bCrescent Books
_c1979
300 _a179 p.
_bil. (algunas a color)
_c30 cm.
500 _aIncluye tabla biográfica y cronológica
504 _aBibliografía: p. 197
600 1 4 _aGoya, Francisco
_d1746-1828
_xColecciones de arte
_92246
942 _2lcc
_cB
999 _c588
_d588